header

Microsoft SQL Server 2008 R2 master data services (Record no. 126772)

MARC details
000 -LEADER
fixed length control field 01310nam a2200313 a 4500
100 1# - MAIN ENTRY--AUTHOR NAME
Personal name Kashel, Jeremy.
245 10 - TITLE STATEMENT
Title Microsoft SQL Server 2008 R2 master data services
260 ## - PUBLICATION, DISTRIBUTION, ETC. (IMPRINT)
Place of publication Olton, Birmingham, U.K. :
Name of publisher Packt Pub.,
Year of publication 2011.
300 ## - PHYSICAL DESCRIPTION
Number of Pages vi, 337 p. :
Other physical details ill.
500 ## - GENERAL NOTE
General note Includes index.
650 #0 - SUBJECT ADDED ENTRY--TOPICAL TERM
Topical Term Database management.
700 1# - ADDED ENTRY--PERSONAL NAME
Personal name Kent, Timothy J.
Personal name Bullerwell, Martyn.
856 40 - ELECTRONIC LOCATION AND ACCESS
Uniform Resource Identifier http://site.ebrary.com/lib/rucke/Doc?id=10490865

No items available.

© 2026 Rongo University
Contact us: librarian | system librarian | Rongo university